Statistics for Top 25 Transfers - Football Season 2001/02

Click here to take the quiz!

General Stats

  • This quiz has been taken 40 times
  • The average score is 13 of 25

Answer Stats

FromToNatPosFeePlayer% Correct
ParmaJuventusITAGK€52.88mGianluigi Buffon
100%
LazioJuventusCZELW€45.00mPavel Nedved
100%
JuventusReal MadridFRACAM€77.50mZinédine Zidane
100%
LazioManchester UnitedARGCM€42.60mJuan Sebastián Verón
94%
PSV EindhovenManchester UnitedNEDST€28.50mRuud van Nistelrooy
94%
Manchester UnitedLazioNEDCB€25.75mJaap Stam
79%
JuventusMilanITAST€36.15mFilippo Inzaghi
71%
FiorentinaMilanPORCAM€41.32mRui Costa
71%
ParmaJuventusFRARB€36.15mLilian Thuram
68%
InterMilanITACM€17.04mAndrea Pirlo
59%
RomaParmaJPNCAM€28.40mHidetoshi Nakata
59%
InterLeedsIRLST€18.00mRobbie Keane
56%
River PlateFC BarcelonaARGCF€35.90mJavier Saviola
50%
ValenciaLazioESPRW€48.00mGaizka Mendieta
44%
LiverpoolLeedsENGST€16.80mRobbie Fowler
41%
FiorentinaInterITAGK€26.50mFrancesco Toldo
32%
ParmaDortmundBRAST€25.50mMárcio Amoroso
32%
BariRomaITACF€31.00mAntonio Cassano
29%
LazioJuventusCHIST€25.00mMarcelo Salas
29%
MonacoFC BarcelonaFRACB€17.00mPhilippe Christanval
12%
ParmaInterPORRW€18.00mSérgio Conceição
9%
Olympique LyonFulhamFRAST€17.60mSteve Marlet
9%
UdineseLazioITACAM€25.00mStefano Fiore
6%
CruzeiroFC BarcelonaBRACAM€21.00mGeovanni
3%
EspanyolLa CoruñaESPCM€17.90mSergio
3%

Score Distribution

Percentile by Number Answered

Percent of People with Each Score

Your Score History

You have not taken this quiz